000 00265nam a2200109 4500
999 _c507456
_d507456
082 _aL1 1960-61/D/8-14
100 _aGovernment of India
_91704
245 _aBudget, 1960-61
260 _aNew Delhi
_bGovernment of India Press
_c1960
300 _av.p.
942 _2ddc